| 000 | 00601nam a22001817a 4500 | ||
|---|---|---|---|
| 005 | 20251108172951.0 | ||
| 008 | 250721s2004 xx 000 0 ara d | ||
| 082 | 1 | 4 | _aط/218.2/سلا |
| 100 | 1 | _aسلامة، ياسر خالد | |
| 245 | 1 | 0 | _aكيف نعلم أولادنا آداب المسلم / |
| 264 | 1 |
_aعمان : _bالرواد للطباعة و النشرو التوزيع، _c2004. |
|
| 300 | _a79 ص. | ||
| 650 | 1 | 7 | _aالفضائل |
| 650 | 1 | 7 | _aالآداب الإسلامية |
| 653 | _aاطفال مرحله متوسطه (6-9) سنوات | ||
| 942 |
_2ddc _cBK |
||
| 999 |
_c92994 _d92994 |
||